Proceedings of the twentieth general assembly, Baltimore, 1988 (Record no. 9753)

MARC details
000 -LEADER
fixed length control field 00717nam a2200205Ia 4500
003 - CONTROL NUMBER IDENTIFIER
control field IN-BaIIA
008 - FIXED-LENGTH DATA ELEMENTS--GENERAL INFORMATION
fixed length control field 211028s9999 xx 000 0 eng d
020 ## - INTERNATIONAL STANDARD BOOK NUMBER
International Standard Book Number 0-7923-0550-7
040 ## - CATALOGING SOURCE
Transcribing agency IIA Library
080 ## - UNIVERSAL DECIMAL CLASSIFICATION NUMBER
Universal Decimal Classification number 063:52
Item number IAU-T20B
110 ## - MAIN ENTRY--CORPORATE NAME
Corporate name or jurisdiction name as entry element General Assembly
9 (RLIN) 16509
245 #0 - TITLE STATEMENT
Title Proceedings of the twentieth general assembly, Baltimore, 1988
Statement of responsibility, etc. edited by Derek McNally
260 ## - PUBLICATION, DISTRIBUTION, ETC.
Place of publication, distribution, etc. Dordrecht
Name of publisher, distributor, etc. Kluwer Academic
Date of publication, distribution, etc. 1990
300 ## - PHYSICAL DESCRIPTION
Extent [various pagings.]
490 ## - SERIES STATEMENT
Series statement Transactions of the International Astronomical Union; v. X
650 ## - SUBJECT ADDED ENTRY--TOPICAL TERM
Topical term or geographic name entry element Astronomy and Astrophysics Thesaurus
650 ## - SUBJECT ADDED ENTRY--TOPICAL TERM
Topical term or geographic name entry element IAU Transactions
9 (RLIN) 5483
700 ## - ADDED ENTRY--PERSONAL NAME
Personal name McNally, Derek ed.
9 (RLIN) 16510
942 ## - ADDED ENTRY ELEMENTS (KOHA)
Koha item type Books
Holdings
Withdrawn status Lost status Damaged status Not for loan Home library Current library Shelving location Date acquired Total Checkouts Full call number Barcode Date last seen Price effective from Koha item type
        IIA Library-Bangalore IIA Library-Bangalore General Stacks     063:52/ IAU-T20B 10663 05/11/2021   Books

Powered by Koha